[Event "OP-2022-0-05308"]
[White "Churyaev, Aleksej"]
[Black "Zmolil, Karel"]
[Site "LSS email"]
[Round "?"]
[Result "0-1"]
[Date "2022.07.12"]
[WhiteElo "958"]
[BlackElo "1042"]
[PlyCount "24"]
[EventDate "2022.07.04"]
[EventType "tourn (corr)"]
[EventRounds "4"]
[EventCountry "GER"]
[SourceTitle "Corr 2024"]
[Source "ChessBase"]
[SourceDate "2023.10.19"]
[SourceVersion "1"]
[SourceVersionDate "2023.10.19"]
[SourceQuality "1"]

1. e4 e5 2. Nf3 Nc6 3. Bb5 a6 4. Ba4 d6 5. h3 Bd7 6. c3 Nf6 7. d3 h6 8. Na3 Be7 9. Bc2 0-0 10. Nc4 Be6 11. Ne3 Qd7 12. d4 d5 0-1

[Event "ZL-2020-0-02248"]
[White "Shim Ng Min, Francis"]
[Black "Churyaev, Aleksej"]
[Site "LSS email"]
[Round "?"]
[Result "1/2-1/2"]
[Date "2020.05.13"]
[WhiteElo "1173"]
[BlackElo "1019"]
[PlyCount "103"]
[EventDate "2020.05.08"]
[EventType "match (corr)"]
[EventRounds "2"]
[EventCountry "GER"]
[SourceTitle "Corr 2022"]
[Source "ChessBase"]
[SourceDate "2021.10.24"]
[SourceVersion "1"]
[SourceVersionDate "2021.10.24"]
[SourceQuality "1"]

1. e4 c5 2. Nf3 Nc6 3. d4 cxd4 4. Nxd4 a6 5. Nxc6 bxc6 6. Bd3 g6 7. 0-0 Bg7 8. Nc3 d6 9. Bf4 e5 10. Bg3 Qc7 11. Kh1 Ne7 12. f4 0-0 13. fxe5 dxe5 14. Qe2 a5 15. Bc4 Be6 16. Bxe6 fxe6 17. Qc4 Qc8 18. Qc5 Re8 19. Bxe5 Bxe5 20. Qxe5 Rf8 21. Qd6 Ra7 22. Rxf8+ Kxf8 23. Rf1+ Kg8 24. Rf6 Qd7 25. Rxe6 Qxd6 26. Rxd6 Kf7 27. h3 Rc7 28. Kg1 Nc8 29. Rd2 Ke6 30. Kf2 Ke5 31. Ke3 Nd6 32. b3 g5 33. g4 Rf7 34. Rf2 Rxf2 35. Kxf2 Kd4 36. Ne2+ Kxe4 37. Ng3+ Kd4 38. Ne2+ Ke4 39. a4 Nf7 40. Ng1 Ne5 41. Ke2 h6 42. Kf2 c5 43. Ne2 Nf7 44. Ng3+ Kd4 45. Ke2 Kc3 46. Kd1 c4 47. Ne2+ Kb4 48. Nd4 cxb3 49. cxb3 Kc3 50. Nc6 Kxb3 51. Nxa5+ Kxa4 52. Nc4 1/2-1/2

[Event "ZL-2020-0-02246"]
[White "Kiselevich, Sergey"]
[Black "Churyaev, Aleksej"]
[Site "LSS email"]
[Round "?"]
[Result "1-0"]
[Date "2020.05.07"]
[WhiteElo "1375"]
[BlackElo "1013"]
[PlyCount "49"]
[EventDate "2020.04.15"]
[EventType "match (corr)"]
[EventRounds "2"]
[EventCountry "GER"]
[SourceTitle "Corr 2022"]
[Source "ChessBase"]
[SourceDate "2021.10.24"]
[SourceVersion "1"]
[SourceVersionDate "2021.10.24"]
[SourceQuality "1"]

1. Nf3 f5 2. d3 Nf6 3. g3 e6 4. Bg2 d6 5. 0-0 Nc6 6. Nbd2 Be7 7. e4 fxe4 8. dxe4 0-0 9. b3 e5 10. Nc4 b5 11. Ne3 g6 12. Nd5 Nxd5 13. Qxd5+ Kg7 14. Qxc6 Bd7 15. Qc3 Bf6 16. Be3 c5 17. Qd2 Rf7 18. Rad1 Be7 19. Nxe5 dxe5 20. Qxd7 Qxd7 21. Rxd7 Bf8 22. Rfd1 a5 23. Bh6+ Kg8 24. Rd8 Rfa7 25. Bxf8 1-0

[Event "ZL-2020-0-02244"]
[White "Shim Ng Min, Francis"]
[Black "Churyaev, Aleksej"]
[Site "LSS email"]
[Round "?"]
[Result "1/2-1/2"]
[Date "2020.05.02"]
[WhiteElo "1164"]
[BlackElo "1011"]
[PlyCount "55"]
[EventDate "2020.03.20"]
[EventType "match (corr)"]
[EventRounds "2"]
[EventCountry "GER"]
[SourceTitle "Corr 2022"]
[Source "ChessBase"]
[SourceDate "2021.10.24"]
[SourceVersion "1"]
[SourceVersionDate "2021.10.24"]
[SourceQuality "1"]

1. e4 c5 2. Nf3 Nc6 3. d4 cxd4 4. Nxd4 a6 5. Nc3 d6 6. Be2 Nf6 7. Be3 e6 8. 0-0 Be7 9. f4 Nd7 10. f5 Nf6 11. fxe6 fxe6 12. Bc4 Nxd4 13. Bxd4 0-0 14. Kh1 Kh8 15. a4 Qc7 16. Bd3 e5 17. Be3 Be6 18. Bg5 Rf7 19. Bxf6 Bxf6 20. Nd5 Bxd5 21. exd5 g6 22. Qf3 Kg7 23. h3 Raf8 24. Qe4 Bg5 25. Qe2 Bf4 26. c4 Qc5 27. b3 Rf6 28. Bc2 1/2-1/2

[Event "ZN-2020-0-04132"]
[White "Churyaev, Aleksej"]
[Black "Kuttner, Jaromir"]
[Site "LSS email"]
[Round "?"]
[Result "1-0"]
[Date "2020.03.09"]
[WhiteElo "985"]
[BlackElo "794"]
[PlyCount "91"]
[EventDate "2020.03.05"]
[EventType "match (corr)"]
[EventRounds "2"]
[EventCountry "GER"]
[SourceTitle "Corr 2022"]
[Source "ChessBase"]
[SourceDate "2021.10.24"]
[SourceVersion "1"]
[SourceVersionDate "2021.10.24"]
[SourceQuality "1"]

1. Nf3 Nf6 2. g3 g6 3. d4 Bg7 4. Bg2 0-0 5. 0-0 d5 6. Nbd2 Bg4 7. c4 c6 8. h3 Bd7 9. Kh2 Na6 10. a3 Nc7 11. Qc2 Rc8 12. Rd1 b6 13. e4 dxe4 14. Nxe4 Nce8 15. Ne5 Nxe4 16. Bxe4 f5 17. Bg2 Nf6 18. f3 Be6 19. f4 Qe8 20. Qe2 Bf7 21. Bf3 h5 22. Qg2 Nd7 23. b3 Nxe5 24. fxe5 Be6 25. Bf4 Kh7 26. d5 cxd5 27. cxd5 Bd7 28. Ra2 Rc3 29. Rb2 Bb5 30. a4 Ba6 31. Be2 Bb7 32. Bc4 e6 33. Qd2 Rf3 34. Be2 Bxd5 35. Bxf3 Bxf3 36. Rf1 Bd5 37. Rc1 Qb8 38. Qe3 Rd8 39. Rbc2 Be4 40. Rc7 Rd3 41. Qe2 Rxb3 42. Re7 Bd3 43. Qd2 Qa8 44. Rcc7 Qd5 45. Rxg7+ Kh8 46. Rgd7 1-0

[Event "IECC CL0-2020.00 email"]
[White "Shim Ng Min, Francis"]
[Black "Churyaev, Aleksej"]
[Site "IECC email"]
[Round "?"]
[Result "1-0"]
[Date "2020.03.07"]
[WhiteElo "1131"]
[BlackElo "1004"]
[PlyCount "63"]
[EventDate "2020.02.01"]
[EventType "tourn (corr)"]
[EventRounds "4"]
[SourceTitle "Corr 2022"]
[Source "ChessBase"]
[SourceDate "2021.10.24"]
[SourceVersion "1"]
[SourceVersionDate "2021.10.24"]
[SourceQuality "1"]

1. e4 c5 2. Nf3 Nc6 3. d4 cxd4 4. Nxd4 a6 5. Nc3 d6 6. Be2 Nf6 7. 0-0 e6 8. Kh1 Be7 9. f4 Qc7 10. f5 0-0 11. fxe6 fxe6 12. Be3 Ne5 13. Qe1 Bd7 14. Qg3 Ng6 15. Bd3 Nh5 16. Qe1 Nhf4 17. Qd2 Nxd3 18. cxd3 Bf6 19. Rac1 Qd8 20. h3 Qe7 21. Nb3 Rf7 22. d4 Raf8 23. e5 dxe5 24. dxe5 Nxe5 25. Bc5 Bg5 26. Rxf7 Rxf7 27. Qd4 Qf6 28. Ne4 Qf4 29. Bd6 Qxc1+ 30. Nxc1 Rf1+ 31. Kh2 Bf4+ 32. Ng3 1-0

[Event "ZL-2020-0-02231"]
[White "Churyaev, Aleksej"]
[Black "Shim Ng Min, Francis"]
[Site "LSS email"]
[Round "?"]
[Result "0-1"]
[Date "2020.03.01"]
[WhiteElo "1032"]
[BlackElo "1206"]
[PlyCount "80"]
[EventDate "2020.03.01"]
[EventType "match (corr)"]
[EventRounds "2"]
[EventCountry "GER"]
[SourceTitle "Corr 2022"]
[Source "ChessBase"]
[SourceDate "2021.10.24"]
[SourceVersion "1"]
[SourceVersionDate "2021.10.24"]
[SourceQuality "1"]

1. e4 c5 2. Nf3 d6 3. d4 cxd4 4. Nxd4 Nf6 5. Nc3 a6 6. Be2 e5 7. Nb3 h6 8. 0-0 Be7 9. Be3 0-0 10. Kh1 Be6 11. f3 d5 12. exd5 Nxd5 13. Nxd5 Qxd5 14. Qxd5 Bxd5 15. c4 Be6 16. Nd2 Nc6 17. b3 f5 18. Bf2 Rad8 19. Rfd1 Nd4 20. Bf1 Bb4 21. a3 Bxd2 22. Rxd2 Nxb3 23. Rxd8 Rxd8 24. Rb1 Nd2 25. Rd1 Rd7 26. Be2 Nb3 27. Rxd7 Bxd7 28. Bb6 Be6 29. Kg1 Nd2 30. c5 Bc4 31. Bd1 Bd5 32. Kf2 Nc4 33. a4 Kf7 34. a5 Ke6 35. Ke2 Nxb6 36. cxb6 Kd6 37. Kd3 Kc5 38. g4 fxg4 39. fxg4 Kb4 40. h4 Kxa5 0-1

[Event "ZL-2020-0-02232"]
[White "Churyaev, Aleksej"]
[Black "Shim Ng Min, Francis"]
[Site "LSS email"]
[Round "?"]
[Result "0-1"]
[Date "2020.03.01"]
[WhiteElo "1032"]
[BlackElo "1206"]
[PlyCount "36"]
[EventDate "2020.03.01"]
[EventType "match (corr)"]
[EventRounds "2"]
[EventCountry "GER"]
[SourceTitle "Corr 2022"]
[Source "ChessBase"]
[SourceDate "2021.10.24"]
[SourceVersion "1"]
[SourceVersionDate "2021.10.24"]
[SourceQuality "1"]

1. Nf3 Nf6 2. d4 d5 3. e3 e6 4. Ne5 Bd6 5. f4 0-0 6. Be2 c5 7. 0-0 Nc6 8. c3 cxd4 9. exd4 Qb6 10. Kh1 Ne4 11. Nd2 Nxd2 12. Qxd2 Nxe5 13. fxe5 Bc7 14. Qg5 Bd7 15. Qg4 Kh8 16. Qh5 Bb5 17. Bxb5 Qxb5 18. Rxf7 Qf1+ 0-1

[Event "OP-2020-0-04931"]
[White "Churyaev, Aleksej"]
[Black "Shim Ng Min, Francis"]
[Site "LSS email"]
[Round "?"]
[Result "0-1"]
[Date "2020.02.23"]
[WhiteElo "995"]
[BlackElo "1123"]
[PlyCount "74"]
[EventDate "2020.02.20"]
[EventType "tourn (corr)"]
[EventRounds "4"]
[EventCountry "GER"]
[SourceTitle "Corr 2022"]
[Source "ChessBase"]
[SourceDate "2021.10.24"]
[SourceVersion "1"]
[SourceVersionDate "2021.10.24"]
[SourceQuality "1"]

1. e4 c5 2. Nf3 d6 3. d4 cxd4 4. Nxd4 Nf6 5. Nc3 a6 6. Be2 e5 7. Nb3 Be6 8. Bg5 Be7 9. Bxf6 Bxf6 10. Nd5 Bxd5 11. Qxd5 0-0 12. Qxb7 Nd7 13. Bxa6 Nc5 14. Nxc5 dxc5 15. Bc4 Rb8 16. Qd5 Qa5+ 17. Qd2 Qa8 18. Bd5 Qa6 19. c4 Bd8 20. 0-0 Ba5 21. Qc2 Rb6 22. b3 Rbb8 23. f4 exf4 24. Rxf4 Bc7 25. Rh4 Be5 26. Rf1 Rb6 27. Rf5 Bd4+ 28. Kh1 Qa3 29. h3 Ra6 30. e5 Qxa2 31. Qd3 Ra3 32. Rf2 Qa1+ 33. Kh2 g6 34. Re2 Bxe5+ 35. g3 Bd4 36. Rg2 Ra2 37. Qf3 Qg1# 0-1

[Event "ZL-2020-0-02225"]
[White "Shim Ng Min, Francis"]
[Black "Churyaev, Aleksej"]
[Site "LSS email"]
[Round "?"]
[Result "1-0"]
[Date "2020.02.21"]
[WhiteElo "1126"]
[BlackElo "1029"]
[PlyCount "73"]
[EventDate "2020.02.21"]
[EventType "match (corr)"]
[EventRounds "2"]
[EventCountry "GER"]
[SourceTitle "Corr 2022"]
[Source "ChessBase"]
[SourceDate "2021.10.24"]
[SourceVersion "1"]
[SourceVersionDate "2021.10.24"]
[SourceQuality "1"]

1. e4 e5 2. Nf3 Nc6 3. d4 Bd6 4. Bc4 h6 5. dxe5 Nxe5 6. Nxe5 Bxe5 7. 0-0 c6 8. f4 Bc7 9. e5 d5 10. exd6 Qxd6 11. Qe2+ Qe7 12. Re1 Qxe2 13. Rxe2+ Kf8 14. Bd2 Bg4 15. Bb4+ Ne7 16. Rxe7 Bb6+ 17. Kh1 c5 18. Rxf7+ Ke8 19. Bc3 Rf8 20. Rxf8+ Kxf8 21. Nd2 Bf5 22. Bb3 Re8 23. Nc4 Bc7 24. Ne5 b5 25. a3 c4 26. Ba2 Bxc2 27. h3 g5 28. Re1 Kg8 29. Bb1 Bb3 30. Bg6 Re7 31. Bb4 Rg7 32. f5 Bc2 33. Nc6 Rxg6 34. fxg6 Bxg6 35. Ne7+ Kf7 36. Nxg6 Kxg6 37. Re6+ 1-0

[Event "ZL-2020-0-02218"]
[White "Churyaev, Aleksej"]
[Black "Shim Ng Min, Francis"]
[Site "LSS email"]
[Round "?"]
[Result "1-0"]
[Date "2020.02.13"]
[WhiteElo "1025"]
[BlackElo "1117"]
[PlyCount "87"]
[EventDate "2020.02.13"]
[EventType "match (corr)"]
[EventRounds "2"]
[EventCountry "GER"]
[SourceTitle "Corr 2022"]
[Source "ChessBase"]
[SourceDate "2021.10.24"]
[SourceVersion "1"]
[SourceVersionDate "2021.10.24"]
[SourceQuality "1"]

1. e4 c6 2. c4 d5 3. cxd5 cxd5 4. Bb5+ Bd7 5. Bxd7+ Qxd7 6. d3 e5 7. Nd2 Nf6 8. Qf3 Nc6 9. Ne2 Be7 10. a3 0-0 11. 0-0 d4 12. Ng3 Qg4 13. h3 Qxf3 14. Nxf3 Nd7 15. Nf5 Bd8 16. Bd2 f6 17. Rac1 Bb6 18. Nd6 Rab8 19. b4 a6 20. Nxb7 Na7 21. Nd6 Nb5 22. Nxb5 axb5 23. Rc6 Rfc8 24. Rfc1 Rxc6 25. Rxc6 Kf7 26. g4 h6 27. Nh4 Nf8 28. Nf5 Ng6 29. Kg2 Bd8 30. Kg3 Ne7 31. Ra6 Nxf5+ 32. gxf5 Bb6 33. a4 bxa4 34. Rxa4 Rb7 35. Kg4 Ra7 36. Rxa7+ Bxa7 37. Kh5 Bb6 38. f4 Bc7 39. fxe5 fxe5 40. b5 Bb6 41. Bb4 Kf6 42. h4 Kf7 43. Bd6 Kf6 44. Bb8 1-0

[Event "ZL-2020-0-02219"]
[White "Churyaev, Aleksej"]
[Black "Shim Ng Min, Francis"]
[Site "LSS email"]
[Round "?"]
[Result "0-1"]
[Date "2020.02.13"]
[WhiteElo "1025"]
[BlackElo "1117"]
[PlyCount "64"]
[EventDate "2020.02.13"]
[EventType "match (corr)"]
[EventRounds "2"]
[EventCountry "GER"]
[SourceTitle "Corr 2022"]
[Source "ChessBase"]
[SourceDate "2021.10.24"]
[SourceVersion "1"]
[SourceVersionDate "2021.10.24"]
[SourceQuality "1"]

1. e4 c5 2. Nf3 d6 3. d4 cxd4 4. Nxd4 Nf6 5. Nc3 a6 6. Be2 e5 7. Nb3 h6 8. 0-0 Be6 9. Be3 Be7 10. f3 0-0 11. Qe1 Qc7 12. Qf2 Nbd7 13. Rfd1 b5 14. Rac1 Rfb8 15. Nd5 Nxd5 16. exd5 Bf5 17. c4 Qd8 18. c5 dxc5 19. Nxc5 Nxc5 20. Bxc5 Rc8 21. Bxe7 Qxe7 22. Rxc8+ Rxc8 23. d6 Qd7 24. Qh4 Rc2 25. Bd3 Bxd3 26. Rxd3 Qa7+ 27. Kf1 Rc1+ 28. Ke2 Qg1 29. Qg3 Qf1+ 30. Ke3 Re1+ 31. Kd2 Rd1+ 32. Kc3 Qxd3+ 0-1

[Event "ZL-2020-0-02215"]
[White "Churyaev, Aleksej"]
[Black "Shim Ng Min, Francis"]
[Site "LSS email"]
[Round "?"]
[Result "1/2-1/2"]
[Date "2020.02.12"]
[WhiteElo "1075"]
[BlackElo "1124"]
[PlyCount "76"]
[EventDate "2020.02.12"]
[EventType "match (corr)"]
[EventRounds "2"]
[EventCountry "GER"]
[SourceTitle "Corr 2022"]
[Source "ChessBase"]
[SourceDate "2021.10.24"]
[SourceVersion "1"]
[SourceVersionDate "2021.10.24"]
[SourceQuality "1"]

1. Nf3 c5 2. g3 Nc6 3. c3 e5 4. d3 d6 5. Bg2 Be7 6. Na3 Nf6 7. e4 0-0 8. h3 Bd7 9. Nc2 b5 10. Ne3 Rc8 11. 0-0 a5 12. Qc2 b4 13. Bd2 h6 14. Rad1 Re8 15. Bc1 Qb6 16. Nd5 Nxd5 17. exd5 Nd8 18. c4 a4 19. b3 axb3 20. axb3 Ra8 21. Nd2 Nb7 22. Bb2 Ra2 23. Ra1 Rea8 24. Rxa2 Rxa2 25. Ra1 Qa7 26. Rxa2 Qxa2 27. Qb1 Qxb1+ 28. Nxb1 Na5 29. Nd2 Bg5 30. Ne4 Be7 31. Nd2 Bf5 32. Bf1 Bg5 33. f4 exf4 34. h4 Be7 35. Kg2 fxg3 36. Kxg3 h5 37. Be2 g6 38. Bf1 Kf8 1/2-1/2

[Event "ZL-2020-0-02217"]
[White "Shim Ng Min, Francis"]
[Black "Churyaev, Aleksej"]
[Site "LSS email"]
[Round "?"]
[Result "0-1"]
[Date "2020.02.12"]
[WhiteElo "1117"]
[BlackElo "1032"]
[PlyCount "24"]
[EventDate "2020.02.12"]
[EventType "match (corr)"]
[EventRounds "2"]
[EventCountry "GER"]
[SourceTitle "Corr 2022"]
[Source "ChessBase"]
[SourceDate "2021.10.24"]
[SourceVersion "1"]
[SourceVersionDate "2021.10.24"]
[SourceQuality "1"]

1. e4 c5 2. Nf3 Nc6 3. d4 cxd4 4. Nxd4 a6 5. Be2 d6 6. 0-0 Nf6 7. Nc3 e6 8. Kh1 Be7 9. f4 Qc7 10. Be3 Bd7 11. Bf3 e5 12. f5 exd4 0-1

[Event "OP-2020-0-04922"]
[White "Churyaev, Aleksej"]
[Black "Shim Ng Min, Francis"]
[Site "LSS email"]
[Round "?"]
[Result "0-1"]
[Date "2020.02.08"]
[WhiteElo "1075"]
[BlackElo "1124"]
[PlyCount "68"]
[EventDate "2020.02.08"]
[EventType "tourn (corr)"]
[EventRounds "4"]
[EventCountry "GER"]
[SourceTitle "Corr 2022"]
[Source "ChessBase"]
[SourceDate "2021.10.24"]
[SourceVersion "1"]
[SourceVersionDate "2021.10.24"]
[SourceQuality "1"]

1. Nf3 Nf6 2. d4 d5 3. g3 e6 4. Bg2 Be7 5. a3 0-0 6. Nbd2 c5 7. e3 Nc6 8. 0-0 cxd4 9. exd4 Bd7 10. Qe2 Rc8 11. Qd3 a6 12. Re1 b5 13. c3 Na5 14. b3 Qb6 15. Bb2 h6 16. Ne5 Rfd8 17. Nxd7 Rxd7 18. Rab1 Rdc7 19. Rec1 Nb7 20. c4 bxc4 21. bxc4 dxc4 22. Qc3 Nd5 23. Qf3 Nd6 24. Bc3 Qa7 25. Ne4 Nxe4 26. Qxe4 Bxa3 27. Rc2 Rb7 28. Rxb7 Qxb7 29. Ra2 Qb3 30. Qc2 Nxc3 31. Qxb3 cxb3 32. Rxa3 b2 33. Be4 Nxe4 34. Rb3 Rc1+ 0-1

[Event "ZL-2020-0-02211"]
[White "Churyaev, Aleksej"]
[Black "Shim Ng Min, Francis"]
[Site "LSS email"]
[Round "?"]
[Result "0-1"]
[Date "2020.02.07"]
[WhiteElo "1049"]
[BlackElo "1141"]
[PlyCount "114"]
[EventDate "2020.02.07"]
[EventType "match (corr)"]
[EventRounds "2"]
[EventCountry "GER"]
[SourceTitle "Corr 2022"]
[Source "ChessBase"]
[SourceDate "2021.10.24"]
[SourceVersion "1"]
[SourceVersionDate "2021.10.24"]
[SourceQuality "1"]

1. e4 c5 2. Bc4 e6 3. Nc3 d6 4. Nf3 Nf6 5. d4 cxd4 6. Qxd4 Nc6 7. Bb5 Bd7 8. Bxc6 Bxc6 9. 0-0 h6 10. Re1 e5 11. Qd3 Be7 12. h3 0-0 13. Be3 Qc7 14. Nd2 Rfd8 15. Qe2 a6 16. Nc4 b5 17. Bb6 Qb7 18. Bxd8 Rxd8 19. Na5 Qa8 20. Nxc6 Qxc6 21. a3 Rc8 22. Rac1 Bd8 23. g3 Ba5 24. Qd3 Bxc3 25. bxc3 Qxc3 26. Qxd6 Rc6 27. Qd3 Qa5 28. Re3 Kh7 29. c4 Qc7 30. f3 bxc4 31. Qc2 Qb6 32. Qf2 Nh5 33. Kg2 Rg6 34. Rec3 Rxg3+ 35. Kf1 Qg6 36. Rxc4 Rxh3 37. Ke1 Rg3 38. Qe3 Nf4 39. Kd2 Rg2+ 40. Kc3 Ne2+ 41. Kb4 Nxc1 42. Rxc1 Qd6+ 43. Qc5 Qb8+ 44. Ka4 Rb2 45. Rc3 Rb5 46. Qc6 Rb6 47. Qd7 Re6 48. Rb3 Qe8 49. Qxe8 Rxe8 50. Rb6 Re6 51. Rb7 Rf6 52. Rb3 h5 53. Ka5 h4 54. a4 Kh6 55. Rb2 Kh5 56. Rh2 g5 57. Rb2 h3 0-1

[Event "ZL-2020-0-02211"]
[White "Shim Ng Min, Francis"]
[Black "Churyaev, Aleksej"]
[Site "LSS email"]
[Round "?"]
[Result "0-1"]
[Date "2020.02.07"]
[WhiteElo "1141"]
[BlackElo "1049"]
[PlyCount "69"]
[EventDate "2020.02.07"]
[EventType "match (corr)"]
[EventRounds "2"]
[EventCountry "GER"]
[SourceTitle "Corr 2022"]
[Source "ChessBase"]
[SourceDate "2021.10.24"]
[SourceVersion "1"]
[SourceVersionDate "2021.10.24"]
[SourceQuality "1"]

1. e4 c5 2. Nf3 Nc6 3. Bb5 Qb6 4. Nc3 e6 5. Bxc6 bxc6 6. 0-0 d6 7. d4 cxd4 8. Nxd4 Bd7 9. Rb1 Nf6 10. Be3 c5 11. Nf3 Bc6 12. e5 Nd5 13. Nxd5 Bxd5 14. b3 Rd8 15. exd6 Bxd6 16. Qe2 0-0 17. c4 Be4 18. Rbd1 Qc6 19. Ne1 Bg6 20. f4 Qc7 21. Qf2 a5 22. Rxd6 Rxd6 23. Bxc5 Rfd8 24. Bxd6 Qxd6 25. Qe3 Qd2 26. Qxd2 Rxd2 27. a4 Kf8 28. Rf3 Be4 29. Re3 f5 30. Kf1 Ke7 31. Re2 Rd1 32. Kf2 Rb1 33. Re3 Kd6 34. Kg3 Kc5 35. Nd3+ 0-1

[Event "ZL-2020-0-02212"]
[White "Shim Ng Min, Francis"]
[Black "Churyaev, Aleksej"]
[Site "LSS email"]
[Round "?"]
[Result "1-0"]
[Date "2020.02.07"]
[WhiteElo "1141"]
[BlackElo "1052"]
[PlyCount "93"]
[EventDate "2020.02.07"]
[EventType "match (corr)"]
[EventRounds "2"]
[EventCountry "GER"]
[SourceTitle "Corr 2022"]
[Source "ChessBase"]
[SourceDate "2021.10.24"]
[SourceVersion "1"]
[SourceVersionDate "2021.10.24"]
[SourceQuality "1"]

1. e4 c5 2. Nf3 Nc6 3. d4 cxd4 4. Nxd4 a6 5. Be2 d6 6. 0-0 Nf6 7. Nc3 e6 8. Kh1 Qc7 9. f4 Be7 10. Be3 Bd7 11. Bf3 e5 12. Nxc6 bxc6 13. fxe5 dxe5 14. Na4 c5 15. Nc3 Bc6 16. Nd5 Bxd5 17. exd5 e4 18. Be2 c4 19. Bf4 Qc5 20. b3 cxb3 21. cxb3 Qxd5 22. Bc4 Qxd1 23. Raxd1 0-0 24. Rde1 Bb4 25. Re2 h6 26. Bxh6 gxh6 27. Rxf6 Kg7 28. Rf4 f5 29. g4 Kg6 30. gxf5+ Rxf5 31. Rfxe4 a5 32. Re5 Raf8 33. Bd3 Kg5 34. Rg2+ Kf4 35. Rxf5+ Rxf5 36. Bxf5 Kxf5 37. Re2 h5 38. Kg2 Ba3 39. Kf3 Bc1 40. a4 Ba3 41. Re4 Bd6 42. h3 Bc5 43. Rh4 Kg5 44. Rc4 Bd6 45. Rd4 Bc7 46. Rd5+ Kg6 47. Ke4 1-0